000 02705cam a2200385 a 4500
999 _c3455
_d3455
001 13320033
003 GZU
005 20201130144127.0
008 020521s2002 enk b 000 0 eng d
010 _a 2003363507
020 _a0855984791
035 _a(OCoLC)ocm50707672
040 _aCOO
_cDLC
_dCOO
_dVVC
_dOCLCQ
_dDLC
042 _alccopycat
043 _ad------
050 0 0 _aHQ 1064
_b MAS 2002
245 0 0 _aGender, development, and climate change /
_cedited by Rachel Masika.
260 _aOxford :
_bOxfam GB,
_cc2002.
300 _a112 p. ;
_c25 cm.
440 0 _aOxfam focus on gender
500 _aCover title.
500 _aOriginally published in the journal Gender and development.
504 _aIncludes bibliographical references.
505 0 _aEditorial / Rachel Masika -- Climate change vulnerability, impacts, and adaptation: why does gender matter? / Fatma Denton -- Climate change: learning from gender analysis and women's experiences of organising for sustainable development / Irene Dankelman -- Protocols, treaties, and action: the 'climate change process' viewed through gender spectacles / Margaret M. Skutsch -- Kyoto protocol negotiations: reflections on the role of women / Delia Villagrasa -- Gender and climate hazards in Bangladesh / Terry Cannon -- Uncertain predictions, invisible impacts, and the need to mainstream gender in climate change adaptations / Valerie Nelson ... [et al.] -- Gendering responses to El NiƱo in rural Peru / Rosa Rivero Reyes -- The Noel Kempff project in Bolivia: gender, power, and decision-making in climate mitigation / Emily Boyd -- Reducing risk and vulnerability to climate change in India: the capabilities approach / Marlene Roy and Henry David Venema -- Promoting the role of women in sustainable energy development in Africa: networking and capacity-building / Tieho Makhabane -- Transforming power relationships: building capacity for ecological security / Mary Jo Larson -- Resources / compiled by Ruth Evans.
650 0 _aClimatic changes
_xSocial aspects
_zDeveloping countries.
650 0 _aSex role
_zDeveloping countries.
700 1 _aMasika, Rachel.
730 0 _aGender and development.
856 4 2 _3Contributor biographical information
_uhttp://www.loc.gov/catdir/enhancements/fy1115/2003363507-b.html
856 4 2 _3Publisher description
_uhttp://www.loc.gov/catdir/enhancements/fy1115/2003363507-d.html
856 4 1 _3Table of contents only
_uhttp://www.loc.gov/catdir/enhancements/fy1115/2003363507-t.html
906 _a7
_bcbc
_ccopycat
_d2
_encip
_f20
_gy-gencatlg
942 _2lcc
_cBK
_h1064
_iMAS
_kHQ